| 000 | 00924nam a22002175i 4500 | ||
|---|---|---|---|
| 001 | 164438 | ||
| 003 | ES-MaACL | ||
| 005 | 20230906212933.0 | ||
| 008 | 940301m18891897sp |||| | spa d | ||
| 040 |
_aAS _bspa |
||
| 100 | 1 |
_aSales Ferré, Manuel. _9101880 |
|
| 245 | 1 | 0 |
_aTratado de sociologia _b: evolución social y política / _cpor Manuel Sales y Ferré. |
| 260 |
_aMadrid : _bLibrería de Victoriano Suárez, _c1889-1897 ( _fJ. Góngora, Impresor) |
||
| 300 |
_a4 v. ; _c22 cm. |
||
| 505 | 8 | _aT. I. Estudios de sociología (VIII, 254 p.) -- t. II. Del hetairismo al patriarcado -- t. III. El patriarcado y la ciudad (495 p.) -- t. IV. La nación (511 p.) | |
| 510 | 4 |
_aPalau, _cXVIII, 287289 |
|
| 596 | 1 | _aLugar y nombre de imp. del t. III y IV: "Sevilla : Impr. de G. Salar" | |
| 650 | 4 |
_aSociología- _vTratados. _9224019 |
|
| 852 |
_aES-MaACL _jF-8350-8353 _z-- Enc. pasta española |
||
| 999 |
_c164438 _d164438 |
||